Batman's Rogue Gallery Quiz Stats

 Plays Quiz not verified by Sporcle

Support Sporcle.
Go Orange.
Score 0/45 Timer 10:00
0 Plays Today
Hint Answer % Correct
The Clown Prince Of CrimeJoker
96.8%
I Break YouBane
92.9%
Whats Green Smart And Looks Like Ace Ventura The Riddler
92.1%
The Demons Head Ra's Al Ghul
91.7%
He Releases Your Worst FearsScarecrow
91.3%
I Can Recommend A Good Psychiatrist Harley Quinn
90.5%
Batman's Soon To Be WifeCatwoman
89.3%
The Hitman With A DeathwishDeadshot
88.5%
Daughter To The Demons HeadTalia Al Ghul
88.5%
They Treated Him Like A Monster, So They Treated Him Like A MonsterKiller Croc
88.1%
The Bat Experiment Gone WrongMan-Bat
87.7%
Seductress Of The BatPoison Ivy
87.7%
Where's Alice?Mad Hatter
87.7%
The Cockney CollectorThe Penguin
87.3%
Gotham's White KnightTwo Face
87.3%
Tick TockClock King
81.3%
Likes To Commit Seasonal CrimesCalendarman
81.3%
Beaten And Blown Up By The JokerRed Hood
80.6%
Born On A MondaySolomon Grundy
80.2%
Burn Burn BurnFirefly
80.2%
Former Surgeon/Best Friend Of Bruce WayneHush
80.2%
The Man Of A Million FacesClayface
78.2%
Former Goth Corps ScientistMr Freeze
77.8%
Hint Answer % Correct
Every Kill = 1 MarkVictor Zsasz
75.8%
Crime Lord Of GothamBlack Mask
75%
Scarface's MasterThe Ventriloquist
73.8%
Careful He's Attracted To LightKiller Moth
70.6%
Is It A Bird, Is It A Plane, No Its A Kite?Kite Man
69.4%
Batman's First Arch NemesisHugo Strange
66.7%
The League Of Assassins' Favourite LadyLady Shiva
59.9%
He's ShockingThe Electrocutioner
49.2%
Poison Wielding AssassinCopperhead
46%
Nope Not The One From Arrow, This Is The OG VersionPrometheus
41.3%
He Made Himself Perfect Because He Was BrokenProfessor Pyg
38.1%
Tigress' SisterCheshire
35.7%
The Hierarchy System Is Corrupting GothamAnarky
31.7%
Hop Hop Says The ***** ******White Rabbit
27%
Leader Of The Bratva And Suicide SquadKGBeast
26.6%
The Chosen OneAzreal
25%
Finds A Discarded Face In The Sewer And Wears ItJokers Daughter
25%
He Made His Own CultDeacon Blackfire
22.6%
Master Assassin Who Was Killed And Resurrected By Her SisterNyssa Raatko
20.2%
Cut Of A Certain Clown's FaceDollmaker
19.8%
Ok Im Cheating A Bit, Hes Technically A Nightwing Villain, No Its Not DeathstrokeBlockbuster
19.4%
Commissioner's Psychopathic SonJames Gordon Jr
16.3%

You're not logged in!

Compare scores with friends on all Sporcle quizzes.
OR
Log In

From the Vault

Awesome Comebacks

by CatStarcatcher

Nice wig, Janis. What's it made of?
Remove Ads.
Support Sporcle.
Get the best of Sporcle when you Go Orange. This ad-free experience offers more features, more stats, and more fun while also helping to support Sporcle. Thank you for becoming a member.

Show Comments

Extras

Top Quizzes Today


Score Distribution

Your Account Isn't Verified!

In order to create a playlist on Sporcle, you need to verify the email address you used during registration. Go to your Sporcle Settings to finish the process.

Report this User

Report this user for behavior that violates our Community Guidelines.

Details: